Ľudské zdroje podniku
Charakteristika pracovnej sily podniku. Populačný vývoj, reprodukcia a štruktúra ľudských zdrojov. Produktivita práce. Úroveň a dynamika produktivity práce. Meranie dynamiky produktivity práce. Systém odmeňovania pracovníkov. Zložky systému odmeňovania. Mzdový systém podniku. Zamestnanecké výhody. H...
Salvato in:
| Autore principale: | |
|---|---|
| Natura: | Capitolo di libro |
| Lingua: | slovacco |
| Soggetti: | |
| Tags: |
Nessun Tag, puoi essere il primo ad aggiungerne!!
|
MARC
| LEADER | 00000naa$a2200000$$$4500 | ||
|---|---|---|---|
| 001 | 0057257 | ||
| 005 | 20240502071638.8 | ||
| 041 | 0 | |a slo | |
| 044 | |a SK | ||
| 245 | 1 | 0 | |a Ľudské zdroje podniku |c Anna Kachaňáková |
| 520 | |a Charakteristika pracovnej sily podniku. Populačný vývoj, reprodukcia a štruktúra ľudských zdrojov. Produktivita práce. Úroveň a dynamika produktivity práce. Meranie dynamiky produktivity práce. Systém odmeňovania pracovníkov. Zložky systému odmeňovania. Mzdový systém podniku. Zamestnanecké výhody. Hodnotenie práce. | ||
| 610 | 2 | 0 | |a zdroje ľudské |
| 610 | 2 | 0 | |a sily pracovné |
| 610 | 2 | 0 | |a pracovníci |
| 610 | 2 | 0 | |a zamestnávatelia |
| 610 | 2 | 0 | |a práca |
| 610 | 2 | 0 | |a produktivita práce |
| 610 | 2 | 0 | |a hodnotenie práce |
| 610 | 2 | 0 | |a odmeňovanie |
| 610 | 2 | 0 | |a štruktúra mzdy |
| 100 | 1 | |a Kachaňáková, Anna | |